000 00642nam a22002057a 4500
005 20170825144043.0
010 _aENG-120078
020 _c600.00
_a9789386235138
035 _aEN-103610
037 _bDBAD/PUB
082 _a363.70
100 _aBharucha, Erach
245 _aTextbook of environmental studies for undergraduate courses /
_cby Erach Bharucha
250 _a2nd ed.
260 _aHyderabad
_bUniversities Press
_c2017
270 _a3-6-747/1/A & 3-6-754/1, Himayatnagar,
_bHyderabad
_e500029
300 _axvii,214p. :
_c24cm(pbk)
_bill.
500 _aIncludes index
942 _2ddc
_cEN
_h363.70
_mBHA
999 _c143834
_d143834